000 00585nam a2200217Ia 4500
003 OSt
005 20220926035035.0
006 a|||||r|||| 00| 0
007 ta
008 220923b |||||||| |||| 00| 0 eng d
037 _cGeneral Book
040 _aRTL
_cRTL
_beng
041 _2eng
_aeng
082 _aX.1-56, F3
100 _aWright Arnold
_9276734
245 0 _aRemance of colonisation being the story of economi
260 _c1923
650 _aEconomic Condition International
942 _hX.1-56, F3
_cGB
_2CC
999 _c661198
_d661198